Béta-blokkolók napjainkban fókuszban a bisoprolol és a nebivolol /

Elmentve itt :
Bibliográfiai részletek
Szerzők: Ábrahám György
Gajdán Nikolett
Dokumentumtípus: Cikk
Megjelent: 2020
Sorozat:GYÓGYSZERÉSZ TOVÁBBKÉPZÉS 14 No. 8
mtmt:31788355
Online Access:http://publicatio.bibl.u-szeged.hu/20139
LEADER 00678nab a2200193 i 4500
001 publ20139
005 20210106103223.0
008 210106s2020 hu o 0|| zxx d
022 |a 1788-9049 
024 7 |a 31788355  |2 mtmt 
040 |a SZTE Publicatio Repozitórium  |b hun 
041 |a zxx 
100 1 |a Ábrahám György 
245 1 0 |a Béta-blokkolók napjainkban   |h [elektronikus dokumentum] :  |b fókuszban a bisoprolol és a nebivolol /  |c  Ábrahám György 
260 |c 2020 
300 |a 291-293 
490 0 |a GYÓGYSZERÉSZ TOVÁBBKÉPZÉS  |v 14 No. 8 
700 0 1 |a Gajdán Nikolett  |e aut 
856 4 0 |u http://publicatio.bibl.u-szeged.hu/20139/1/Gyogyszeresz_14-8_2020.pdf  |z Dokumentum-elérés